Breviarium Alesiense (Record no. 7984)

MARC details
000 -CABECERA
campo de control de longitud fija 01273nam a2200325 a 4500
001 - NÚMERO DE CONTROL
campo de control BRCA_8316
005 - FECHA Y HORA DE LA ÚLTIMA TRANSACCIÓN
campo de control 20190320210226.0
008 - DATOS DE LONGITUD FIJA--INFORMACIÓN GENERAL
campo de control de longitud fija 240614s1758----fr-####f##---#000-0#lat-#
041 ## - CÓDIGO DE LENGUA
Código de lengua del texto/banda sonora o título independiente lat
044 ## - CÓDIGO DEL PAÍS DE LA ENTIDAD EDITORA/PRODUCTORA
Código MARC del país fr
050 #4 - SIGNATURA TOPOGRÁFICA DE LA BIBLIOTECA DEL CONGRESO
Número de clasificación BX2000
Número de documento/Ítem .B85 1758
100 1# - ENTRADA PRINCIPAL--NOMBRE DE PERSONA
Nombre de persona Buisson de Beauteville, Joannis-Ludovici
Fechas asociadas al nombre 1708-1776
9 (RLIN) 20765
245 10 - MENCIÓN DE TÍTULO
Título Breviarium Alesiense
Mención de responsabilidad, etc. ilustrissimi & reverendissimi in Christo Patris Joannis-Ludovici de Buisson de Beauteville.
260 ## - PUBLICACIÓN, DISTRIBUCIÓN, ETC.
Lugar de publicación, distribución, etc. Parisiis
Nombre del editor, distribuidor, etc. Bibliopole Usuum Alesiensium
Fecha de publicación, distribución, etc. 1758
300 ## - DESCRIPCIÓN FÍSICA
Extensión 1 v. (paginación variada)
Dimensiones 22 cm.
500 ## - NOTA GENERAL
Nota general Fondo antiguo
500 ## - NOTA GENERAL
Nota general Se encuentra en Caja Fuerte, 16-marzo-2016
500 ## - NOTA GENERAL
Nota general R-6
500 ## - NOTA GENERAL
Nota general Con Ex-libris de: Franz Mayer
500 ## - NOTA GENERAL
Nota general Uso de letras capitulares
500 ## - NOTA GENERAL
Nota general Incluye tabla de contenido e índice
500 ## - NOTA GENERAL
Nota general Texto impreso a dos columnas
500 ## - NOTA GENERAL
Nota general En las guardas se localizan notas con oraciones
500 ## - NOTA GENERAL
Nota general Nota de encuadrenación: en piel con ornamenos y cantos dorados el inferior se encuentra desgastado
506 0# - NOTA DE RESTRICCIONES AL ACCESO
Limitaciones de acceso Fondo reservado: para su consulta es necesario credencial de usuario y carta de motivos
650 14 - PUNTO DE ACCESO ADICIONAL DE MATERIA--TÉRMINO DE MATERIA
Término de materia o nombre geográfico como elemento de entrada Literatura religiosa
Subdivisión de forma Compendios
9 (RLIN) 20766
650 14 - PUNTO DE ACCESO ADICIONAL DE MATERIA--TÉRMINO DE MATERIA
Término de materia o nombre geográfico como elemento de entrada Catolicismo
Subdivisión de forma Breviarios
9 (RLIN) 20767
902 ## - CATALOGADOR
Iniciales LAR
942 ## - ELEMENTOS DE PUNTO DE ACCESO ADICIONAL (KOHA)
Fuente del sistema de clasificación o colocación Library of Congress Classification
Tipo de ítem Koha Libros
Holdings
Estado de retiro Estado de pérdida Estado dañado No para préstamo Localización permanente Ubicación/localización actual Fecha de adquisición Número de inventario Total de préstamos Signatura topográfica completa Código de barras Fecha visto por última vez Precio válido a partir de Tipo de ítem Koha
El ejemplar forma parte de la colección y puede ser consultado según las políticas vigentes.       Biblioteca del Museo Franz Mayer (Rogerio Casas-Alatriste) Biblioteca del Museo Franz Mayer (Rogerio Casas-Alatriste) 24/06/2014 R-6   BX2000 .B85 1758 (R-6) LAR00026 22/03/2019 22/03/2019 Libros